| 000 | 00716nam a2200205Ia 4500 | ||
|---|---|---|---|
| 003 | IN-BaIIA | ||
| 008 | 211028s9999 xx 000 0 eng d | ||
| 020 | _a1-4020-1521-6 | ||
| 040 | _cIIA Library | ||
| 080 |
_a52(082.1) _bASS-295 |
||
| 100 |
_aVozmischeva, T. G _928937 |
||
| 245 | 0 |
_aIntegrable problems of celestial mechanics in spaces of constant curvature _cT. G. Vozmischeva |
|
| 260 |
_aDordrecht _bKluwer Academic _c2003 |
||
| 300 | _axi, 180p. | ||
| 490 | _aAstrophysics and space science library; v. 295 | ||
| 650 | _aCelestial mechanics | ||
| 650 |
_aDifferentiable dynamical systems _928938 |
||
| 650 |
_aSpaces of constant curvature _928939 |
||
| 942 | _cBK | ||
| 999 |
_c15704 _d15704 |
||